North America Capitals Quiz - Statistics

General Stats
  • This quiz has been taken 18 times
  • The average score is 17 of 23
Answers on the Map
Answers color-coded by a green-red scale on the quiz's map according to % correct below.
 
Answer Stats
Capitals % Correct
Kingston
100%
Kingstown
100%
Mexico City
100%
Ottawa
100%
Panama City
100%
San Salvador
100%
Washington D.C.
100%
Guatemala City
83%
Havana
83%
Nassau
83%
Port-au-Prince
83%
Santo Domingo
83%
Belmopan
67%
Managua
67%
Port of Spain
67%
San Jose
67%
Basseterre
50%
Bridgetown
50%
Saint George's
50%
Saint John's
50%
Tegucigalpa
50%
Castries
17%
Roseau
17%
No matching quizzes found
Score Distribution
Percent of People with Each Score
Percentile by Number Answered
Your Score History
You have not taken this quiz